[Event "70th RUS-ch Superfinal Men 2017"]
[Site "St. Petersburg"]
[Date "2017.12.06"]
[Round "4"]
[White "Inarkiev, Ernesto"]
[Black "Svidler, Peter"]
[Result "1/2-1/2"]
[WhiteElo "2689"]
[BlackElo "2765"]
[Annotator "TA"]
[PlyCount "97"]
[EventDate "2017.??.??"]
[EventType "tourn"]
[EventCountry "RUS"]
[SourceTitle "playchess.com"]
[Source "ChessBase"]
[SourceQuality "1"]

{[%evp 14,97,7,1,0,0,0,0,0,0,0,0,0,0,0,0,0,0,0,0,98,0,0,0,33,0,3,2,2,0,3,3,4,8,27,26,25,20,35,40,120,110,110,41,47,35,33,29,164,163,160,148,236,229,235,235,235,234,233,231,239,220,238,236,226,226,243,236,219,172,153,187,177,176,150,0,35,0,0,0,0,0,0,0,0,0]} 1. e4 e5 2. Nf3 Nc6 3. Nc3 Nf6 4. Bb5 Bd6 5. d3 h6 6. Ne2 {C48: Four Knights: 4 Bb5, replies other than 4...Bb4} a6 7. Ba4 b5 8. Bb3 {LiveBook: 5 Games} Na5 $146 ({Predecessor:} 8... Bc5 9. O-O d6 10. Ng3 Na5 11. Be3 Bxe3 12. fxe3 O-O 13. Qe1 {0-1 (40) Vorobiov,E (2543)-Sasikiran,K (2670) Cappelle-la-Grande 2006}) 9. d4 Nxb3 10. axb3 Nxe4 11. dxe5 Bc5 12. Qd5 Bxf2+ 13. Kf1 {[#]} Bb7 $1 {[%cal Rb7d5][%mdl 512]} 14. Qxb7 c6 {White must now prevent ...Ra7.} 15. Ned4 (15. Rxa6 $2 Rb8 $19) 15... O-O 16. b4 f5 (16... a5 $11 {remains equal.}) 17. c3 (17. Rxa6 Rxa6 18. Qxa6 Bxd4 $17) (17. g3 $1 $16) 17... Bxd4 $1 $14 18. cxd4 (18. Nxd4 Qh4 $17) 18... Qe7 $1 19. Ke2 (19. Bd2 $5) 19... Qxb4 (19... Rfb8 $5 20. Qc7 $8 Qxb4 $16) 20. Rd1 Qc4+ 21. Ke1 g5 22. Rxa6 Rxa6 23. Qxa6 {Hoping for Qa3.} g4 24. Nd2 (24. Bxh6 $2 gxf3 25. gxf3 Qb4+ 26. Bd2 Qxd4 $19) 24... Nxd2 25. Kxd2 {Qb6 is the strong threat.} Qxd4+ 26. Kc2 Qc4+ ({Better is} 26... Qe4+ $14 27. Rd3 Qc4+ 28. Kd2 (28. Rc3 Qe4+ 29. Rd3 f4 $11) 28... Qf4+ 29. Kd1 Qf1+ 30. Kc2 Qxg2+ 31. Bd2 Qe4) 27. Kb1 $16 Qe4+ 28. Ka2 (28. Ka1 $16) 28... Qc2 $14 29. Re1 f4 30. Qa3 Qc4+ (30... Qxg2 $11 {and Black stays safe.} 31. Qd3 Qd5+ 32. Qxd5+ cxd5) 31. Kb1 $1 $18 b4 32. Qa4 f3 (32... h5 $16 33. Qc2 Qe6) 33. gxf3 gxf3 {[#]} 34. Qc2 $1 {[%cal Rc2g6] White wants to mate with Qg6+.} Qe6 35. Be3 ({Don't play} 35. Rg1+ $6 Kf7) 35... b3 36. Qd3 Rf5 37. Rg1+ Kf7 38. Bd4 Ke8 39. Rf1 c5 40. Bxc5 Rxe5 41. Bf2 Re2 {Threatens to win with ...Rxf2!} 42. Bg3 f2 43. Rc1 {aiming for Rc8+.} d6 {[#] intending ...Re3.} 44. Bh4 ({But not} 44. Bxd6 $2 Re1 $19) (44. Qb5+ $1 $16 Kf8 45. Qb8+ Kf7 46. Qb7+ (46. Bxd6 $2 Re1 $19) 46... Kg6 47. Qf3) 44... Rd2 45. Qh7 {Intending Rc8+! and mate.} Rc2 {The position is equal.} 46. Qh8+ Kf7 47. Qh7+ Ke8 48. Qh8+ Kf7 {( -> ...Rxc1+)} 49. Qh7+ {Precision: White = 74%, Black = 62%.} 1/2-1/2

[Event "70th RUS-ch Superfinal Men 2017"]
[Site "St. Petersburg"]
[Date "2017.12.06"]
[Round "4"]
[White "Riazantsev, Alexander"]
[Black "Dubov, Daniil"]
[Result "1/2-1/2"]
[WhiteElo "2650"]
[BlackElo "2683"]
[Annotator "TA"]
[PlyCount "58"]
[EventDate "2017.??.??"]
[EventType "tourn"]
[EventCountry "RUS"]
[SourceTitle "playchess.com"]
[Source "ChessBase"]
[SourceQuality "1"]

{[%evp 16,58,0,0,41,19,64,66,63,33,30,30,32,40,50,0,0,0,0,0,0,0,0,0,0,-4,0,0,0,0,0,0,0,0,0,0,0,0,0,0,0,0,0,0,0]} 1. d4 Nf6 2. c4 g6 3. Nc3 d5 4. cxd5 Nxd5 5. e4 Nxc3 6. bxc3 Bg7 7. Nf3 c5 8. h3 O-O 9. Be3 {LiveBook: 22 Games. D85: Exchange Grünfeld: Unusual White 7th moves and lines with 7 Nf3} b5 (9... Qa5 10. Bd2 Nc6 11. Be2 Qd8 12. d5 Ne5 13. Nxe5 Bxe5 14. O-O f5 15. f4 Bg7 16. Bc4 fxe4 {½-½ (31) Grachev,B (2654)-Vachier Lagrave,M (2804) Tbilisi 2017}) 10. Rc1 $146 {[%cal Ba1c1,Bc1c3,Bc3a3,Ba3a6][%mdl 32]} ({Predecessor:} 10. Rb1 a6 11. Bd3 Nc6 12. Bc2 Na5 13. O-O Nc4 14. Bc1 Qa5 15. Bb3 Qxc3 16. dxc5 Bb7 {0-1 (41) Calderin,R (2280)-Arencibia Rodriguez,W (2400) Cuba 1988}) 10... Ba6 11. Be2 {White is slightly better.} b4 12. Bxa6 Nxa6 13. O-O bxc3 14. Rxc3 Qd7 15. Ra3 cxd4 $1 {The position is equal.} 16. Bxd4 Rfd8 17. Rxa6 {[#] Hoping for e5.} e5 18. Ra3 exd4 19. Rd3 Qe6 20. Qe2 ({Wrong is} 20. Nxd4 $2 Qc4 $19) 20... Re8 21. e5 Bxe5 22. Qxe5 Qxe5 23. Nxe5 Rxe5 24. Rxd4 $11 {[%mdl 4096] Endgame KRR-KRR} Re2 25. Ra4 a5 26. Rd1 Rc8 27. Rxa5 Rcc2 28. Rf1 Rxa2 29. Rxa2 Rxa2 {Precision: White = 79%, Black = 70%.} 1/2-1/2

[Event "70th RUS-ch Superfinal Men 2017"]
[Site "St. Petersburg"]
[Date "2017.12.06"]
[Round "4"]
[White "Sjugirov, Sanan"]
[Black "Malakhov, Vladimir"]
[Result "1-0"]
[WhiteElo "2650"]
[BlackElo "2686"]
[Annotator "TA"]
[PlyCount "101"]
[EventDate "2017.??.??"]
[EventType "tourn"]
[EventCountry "RUS"]
[SourceTitle "playchess.com"]
[Source "ChessBase"]
[SourceQuality "1"]

{[%evp 18,101,23,31,23,12,11,0,18,9,25,9,15,-29,25,0,0,0,0,0,0,0,-10,-25,-37,-35,-27,-18,-4,-17,0,-42,-45,-39,-20,-32,0,0,0,0,0,-37,-25,-39,-45,-43,-41,-44,0,0,0,-2,0,0,0,0,0,0,12,10,23,27,133,129,168,163,225,203,197,199,225,224,225,233,600,620,570,608,572,554,29982,29983,29982,29983,29992,29993]} 1. d4 d5 2. c4 c6 3. Nf3 Nf6 4. Nc3 a6 5. e3 Bf5 6. Bd2 {D15: Slav Defence: 4 Nc3 a6 and gambit lines after 4 Nc3 dxc4} e6 7. Qb3 Ra7 8. Nh4 Be4 9. cxd5 cxd5 10. f3 {LiveBook: 10 Games} Bg6 $1 11. Nxg6 hxg6 12. O-O-O Be7 13. Kb1 O-O {[#]} 14. Rc1 $146 b5 15. a4 b4 (15... Rb7 $142) 16. Na2 Rb7 17. Rc2 Ne8 18. Nc1 (18. Bxb4 $2 Bxb4 19. Nxb4 Qa5 $19) 18... Nd6 19. Qa2 a5 20. Be2 Nd7 21. Nb3 Rc7 22. Rhc1 Rxc2 23. Rxc2 Qb6 24. Ka1 Qa7 25. Nc1 Rb8 26. Kb1 Bf6 27. Rc6 Rb6 28. Rxb6 Qxb6 29. Qb3 Qc7 30. Qc2 Nc4 31. Ka2 Bd8 32. g3 e5 33. dxe5 Ndxe5 34. f4 $132 {[%mdl 2048] White has counterplay} Nxd2 35. Qxd2 Nc4 36. Qxd5 Nxe3 37. Qd3 Nf5 38. Nb3 Nd6 39. Qd5 Bf6 {[#]} (39... Nc8 $11 {remains equal.}) 40. Bd3 $1 $16 Qb6 {Hoping for ...Qf2.} 41. Bxg6 $1 ({Not} 41. Qxa5 $2 Qf2 $19) ({And not} 41. Nxa5 b3+ 42. Qxb3 Qxa5 $17) 41... Kf8 (41... Bd8 $142 42. Nc5 Qc7) 42. Bc2 Nb7 {[#]} 43. g4 $1 {[%cal Bg3g4,Bg4g5][%mdl 32]} g6 44. g5 Bg7 45. Qd7 Nd8 $2 {[#]} (45... Kg8 46. f5 gxf5 47. Qc8+ (47. Qxf5 Qc6 $18) 47... Nd8 48. Bxf5 (48. Qxf5 Ne6 $18) 48... Be5) 46. Nc5 $1 $18 {[%mdl 512]} Kg8 (46... Qxc5 47. Qxd8#) 47. Qe8+ Kh7 48. f5 Qd6 {If Black can now play ...Qd5+ this consolidates a bit.} 49. fxg6+ {White mates.} fxg6 50. Bb3 {[%csl Gb3][%cal Re8g8]} Bf8 51. Nd7 {Precision: White = 66%, Black = 38%.} 1-0

[Event "70th RUS-ch Superfinal Men 2017"]
[Site "St. Petersburg"]
[Date "2017.12.06"]
[Round "4"]
[White "Romanov, Evgeny"]
[Black "Volkov, Sergey"]
[Result "1/2-1/2"]
[WhiteElo "2626"]
[BlackElo "2645"]
[Annotator "TA"]
[PlyCount "93"]
[EventDate "2017.??.??"]
[EventType "tourn"]
[EventCountry "RUS"]
[SourceTitle "playchess.com"]
[Source "ChessBase"]
[SourceQuality "1"]

{[%evp 24,93,-58,-58,-53,-70,-51,-77,-65,-85,-51,-71,-71,-99,-105,-106,-72,-116,-110,-105,-121,-112,-109,-116,-119,-117,-13,-8,-12,-29,-25,-13,0,0,0,0,0,0,0,0,0,0,0,0,0,0,0,0,0,0,0,0,0,0,0,0,0,0,0,0,0,0,0,0,0,0,0,0,0,0,0,0]} 1. c4 c6 2. e4 d5 3. exd5 Nf6 4. d4 cxd5 5. Nc3 Nc6 6. Bg5 Be6 7. Nf3 g6 8. Bxf6 exf6 9. c5 Bg7 {B13: Caro-Kann (Abtausch-Variante 4.c4)} 10. Bb5 O-O 11. O-O Bg4 (11... g5 12. Ne2 a6 13. Bxc6 bxc6 14. Ng3 a5 15. h3 Rb8 16. b3 Rb4 17. Ne1 {½-½ (36) Rakhmanov,A (2641)-Alekseev,E (2636) St Petersburg 2016}) 12. Bxc6 bxc6 13. h3 {LiveBook: 3 Partien} Bxf3 $1 14. Qxf3 Rb8 15. b3 f5 16. Rfd1 Qh4 17. Ne2 Rfe8 $146 18. Kf1 Re4 19. Qg3 Qd8 20. f3 Re3 21. Rab1 a5 22. Rb2 Rb7 23. Nc1 {[#]} a4 $1 {[%mdl 512]} 24. Qf2 (24. bxa4 Rxb2) 24... a3 (24... Rbe7 $17 25. bxa4 Qa5 26. Rb8+ Bf8) 25. Re2 $11 Rxe2 26. Qxe2 Qa8 27. Qe3 Rb4 {Die Stellung ist ausgeglichen.} 28. Ne2 h5 29. h4 Rb8 30. g3 Re8 31. Qc3 Re7 (31... Qb8 {is interesting.} 32. f4 Qb7 33. Kf2 Qe7 34. Qd3 Qb7) 32. Rd3 Qe8 33. Qd2 f4 34. Nxf4 Bh6 $1 35. Kf2 Bxf4 36. gxf4 {[%mdl 4096] Endspiel KDT-KDT} Re6 {[#] ...De7 ist eine echte Drohung.} 37. Re3 Qe7 38. Rxe6 Qxh4+ 39. Kg2 fxe6 {KD-KD} 40. b4 Kf7 41. Qe3 Qf6 42. Qe5 Qf5 43. Qc7+ Kf6 44. Qd8+ Kf7 45. Qc7+ Kf6 46. Qd8+ Kf7 47. Qc7+ {Precision: Weiß = 61%, Schwarz = 74%.} 1/2-1/2

[Event "70th RUS-ch Superfinal Men 2017"]
[Site "St. Petersburg"]
[Date "2017.12.07"]
[Round "5"]
[White "Svidler, Peter"]
[Black "Romanov, Evgeny"]
[Result "1-0"]
[WhiteElo "2765"]
[BlackElo "2626"]
[Annotator "TA"]
[PlyCount "91"]
[EventDate "2017.??.??"]
[EventType "tourn"]
[EventCountry "RUS"]
[SourceTitle "playchess.com"]
[Source "ChessBase"]
[SourceQuality "1"]

{[%evp 19,91,25,32,0,27,24,76,53,67,45,50,39,28,34,37,22,32,18,51,37,63,58,64,59,68,41,83,82,64,69,88,93,116,114,114,120,134,128,125,137,126,130,170,161,153,148,254,253,286,262,289,247,289,283,291,275,274,283,322,311,350,334,334,275,398,393,435,426,558,530,526,518,443,417]} 1. e4 c5 2. Nf3 e6 3. d4 cxd4 4. Nxd4 a6 5. Bd3 Bc5 6. Nb3 Ba7 7. Nc3 d6 8. Qe2 Ne7 9. Be3 Nbc6 10. f4 {B42: Sicilian: Kan Variation: 5 Bd3} b5 {[%cal Bb7b5,Bb5b4][%mdl 32] LiveBook: 26 Games} 11. a4 b4 12. Nd1 {White has an edge.} Ng6 $146 (12... O-O $11) ({Predecessor:} 12... O-O 13. Bxa7 Rxa7 14. Ne3 Na5 15. Nxa5 Qxa5 16. O-O Re8 17. Kh1 Qc5 {½-½ (39) Naiditsch,A (2574)-Rublevsky,S (2686) Dortmund 2004}) 13. g3 O-O 14. Bxa7 Rxa7 15. Ne3 Na5 16. Nxa5 Qxa5 17. b3 Qc5 18. O-O-O Ne7 19. Bc4 Bb7 20. Qd3 $1 Rd8 21. Rhf1 Nc6 22. Kb1 Bc8 23. g4 Na5 24. f5 Nxc4 25. Nxc4 a5 {[#]} 26. Qd4 $1 {[%cal Rd4c5]} (26. Nxd6 $6 Rad7 $11) 26... Qxd4 27. Rxd4 h5 28. Rxd6 Rxd6 29. Nxd6 $16 {[%mdl 4096] Endgame KRB-KRN} Ba6 30. Rg1 hxg4 31. fxe6 ({Don't do} 31. Rxg4 $6 exf5 32. Nxf5 (32. exf5 Rd7 $16) 32... f6 $14) 31... fxe6 32. Rxg4 e5 (32... Rd7 $16) 33. Rg6 $18 Be2 34. Re6 Ra6 35. Re8+ Kh7 36. Nf5 g6 37. Re7+ ({Worse is} 37. Rxe5 gxf5 38. Rxf5 Ra8 $11) 37... Kg8 38. Ne3 ({Inferior is} 38. Rxe5 gxf5 39. Rxf5 Kg7 $11) 38... Rf6 39. Rxe5 Rf2 40. Rxa5 Rxh2 41. Ra7 Bf3 (41... Kf8 $142 42. e5 Rh5) 42. Nd5 g5 43. Nf6+ {White is clearly winning.} Kh8 44. a5 Rh6 45. e5 g4 {[#] White must now prevent ...g3.} 46. Rc7 {Precision: White = 77%, Black = 38%.} 1-0

[Event "70th RUS-ch Superfinal Men 2017"]
[Site "St. Petersburg"]
[Date "2017.12.07"]
[Round "5"]
[White "Vitiugov, Nikita"]
[Black "Sjugirov, Sanan"]
[Result "1/2-1/2"]
[WhiteElo "2722"]
[BlackElo "2650"]
[Annotator "TA"]
[PlyCount "70"]
[EventDate "2017.??.??"]
[EventType "tourn"]
[EventCountry "RUS"]
[SourceTitle "playchess.com"]
[Source "ChessBase"]
[SourceQuality "1"]

{[%evp 23,70,0,2,0,16,16,18,19,26,17,28,43,37,42,65,8,66,36,55,0,0,0,0,0,0,0,0,0,0,-10,0,-7,-11,-18,0,0,0,0,0,0,0,0,0,0,0,0,0,0,0]} 1. d4 Nf6 2. c4 e6 3. Nf3 d5 4. Nc3 Nbd7 5. cxd5 exd5 6. Bg5 Be7 7. e3 c6 8. Qc2 Nh5 9. Bxe7 Qxe7 10. O-O-O Nb6 11. Ne5 {D36: Queen's Gambit Declined: Exchange Variation: Main line (5 Bg5 c6 6 Qc2)} (11. h3 Be6 12. Kb1 Nf6 13. Bd3 O-O-O 14. Nd2 Kb8 15. Rc1 g6 16. Nb3 Nfd7 17. h4 f5 18. Ne2 Nc4 {½-½ (36) Andreikin,D (2705)-Lupulescu,C (2620) Antalya 2017}) 11... g6 12. Bd3 Be6 {LiveBook: 4 Games} 13. Kb1 Nf6 14. Rc1 Nfd7 $146 ({Predecessor:} 14... O-O 15. h4 Nbd7 16. f3 Rfd8 17. h5 Nxh5 18. g4 Ng7 {1-0 (53) Semov,D (2355)-Dimitrov,D (2291) ICCF email 2009}) 15. Nxd7 Qxd7 16. Ka1 Qe7 17. h4 h6 18. g3 Qf6 19. Rhf1 (19. h5 $14) 19... g5 (19... h5 $11) 20. hxg5 hxg5 21. f4 (21. a4 $1 $14) 21... gxf4 $11 {The position is equal.} 22. gxf4 O-O-O 23. f5 Bd7 24. a4 {[%cal Ba2a4,Ba4a5][%mdl 32]} Kb8 25. a5 Na8 26. Na4 Nc7 27. Qb3 Bc8 28. Rc3 Rhe8 29. Nc5 Rxe3 30. Ba6 $36 {[%mdl 2048] White has some pressure.} Rxc3 ({Not} 30... Qxd4 $2 31. Nxb7 Nxa6 32. Nxd8+ Kc7 33. Rxe3 $18) 31. bxc3 Nxa6 32. Nxa6+ Ka8 33. Nc7+ Kb8 34. Na6+ $1 Ka8 35. Nc7+ Kb8 {Precision: White = 74%, Black = 54%.} 1/2-1/2

[Event "70th RUS-ch Superfinal Men 2017"]
[Site "St. Petersburg"]
[Date "2017.12.07"]
[Round "5"]
[White "Fedoseev, Vladimir"]
[Black "Inarkiev, Ernesto"]
[Result "1/2-1/2"]
[WhiteElo "2718"]
[BlackElo "2689"]
[Annotator "TA"]
[PlyCount "90"]
[EventDate "2017.??.??"]
[EventType "tourn"]
[EventCountry "RUS"]
[SourceTitle "playchess.com"]
[Source "ChessBase"]
[SourceQuality "1"]

{[%evp 33,90,15,14,11,11,17,10,10,10,11,12,13,10,10,13,7,9,9,9,7,17,1,12,0,0,0,0,0,0,0,0,0,0,0,0,0,0,0,0,0,0,0,0,0,0,0,0,0,0,0,0,0,0,0,0,0,0,0,0]} 1. d4 Nf6 2. c4 e6 3. Nf3 d5 4. g3 dxc4 5. Bg2 c5 6. O-O Nc6 7. dxc5 Qxd1 8. Rxd1 Bxc5 9. Nbd2 c3 10. bxc3 O-O 11. Nb3 Be7 12. c4 Bd7 13. Bb2 {E04: Open Catalan: 5 Nf3} Rfd8 14. Nfd4 Rac8 15. Nb5 b6 16. Nd6 (16. Rac1 a5 17. a4 Be8 18. Rxd8 Rxd8 {½-½ (31) Aronian,L (2801)-Giri,A (2762) Heraklio 2017}) 16... Bxd6 17. Rxd6 Be8 {LiveBook: 3 Games. The position is equal.} 18. Rxd8 Nxd8 19. Rc1 Bc6 20. c5 Bxg2 21. Kxg2 {[#]} Nd7 $146 {[%cal Rd7c5]} 22. cxb6 Rxc1 23. Bxc1 axb6 $11 {[%mdl 4096] Endgame KBN-KNN} 24. Nd4 f6 25. Kf3 Kf7 26. Ke3 Ke8 27. h4 Ne5 28. Ke4 Kd7 29. f4 Ng4 30. f5 e5 31. Nb5 Kc6 32. Na7+ Kb7 33. Nb5 Kc6 34. Nc3 Nf7 35. Kf3 h5 36. Ba3 Nd6 37. e4 Nb5 38. Nxb5 Kxb5 {KB-KN} 39. Bf8 Kc4 40. Bxg7 b5 41. Bf8 Kd3 42. Be7 Nh2+ 43. Kg2 Ng4 44. Kf3 Kd2 45. Bb4+ Kd3 {Precision: White = 73%, Black = 92%.} 1/2-1/2

[Event "70th RUS-ch Superfinal Men 2017"]
[Site "St. Petersburg"]
[Date "2017.12.07"]
[Round "5"]
[White "Malakhov, Vladimir"]
[Black "Matlakov, Maxim"]
[Result "1/2-1/2"]
[WhiteElo "2686"]
[BlackElo "2735"]
[Annotator "TA"]
[PlyCount "56"]
[EventDate "2017.??.??"]
[EventType "tourn"]
[EventCountry "RUS"]
[SourceTitle "playchess.com"]
[Source "ChessBase"]
[SourceQuality "1"]

{[%evp 18,56,0,0,0,0,0,0,0,0,6,0,0,0,0,0,0,-3,-3,-3,-3,-3,-2,-4,-2,-9,0,0,0,0,0,0,0,0,0,0,0,0,0,0,0]} 1. Nf3 d5 2. g3 g6 3. Bg2 Bg7 4. d4 Nf6 5. O-O O-O 6. c4 dxc4 7. Na3 c5 8. Nxc4 Be6 9. b3 Nc6 {D77: Fianchetto Grünfeld: 6 0-0: Replies other than 6...c6} 10. Bb2 {LiveBook: 8 Games. The position is equal.} cxd4 11. Nxd4 Nxd4 12. Qxd4 (12. Bxd4 b6 13. Rc1 Rc8 14. Rc2 b5 15. Ne3 Rxc2 16. Nxc2 Qa5 17. Qa1 Qd2 18. Qd1 Qa5 19. Qa1 Qd2 20. Qd1 Qa5 {½-½ (20) Aronian,L (2785)-Giri,A (2771) London 2016}) 12... Qxd4 13. Bxd4 Nd5 $146 ({Predecessor:} 13... Bd5 14. Bxf6 Bxf6 15. Bxd5 Bxa1 16. Rxa1 Rab8 17. Bf3 Rfc8 18. Na5 Rc7 19. b4 Rc2 20. Nxb7 Rc7 21. Nc5 {1-0 (21) Giertz,N (2342)-Fargere,J (2020) Basel 2007}) 14. Rfd1 {[#] Strongly threatening Bxg7.} Rad8 15. Bxg7 Kxg7 16. Rd3 {And now Rad1 would win.} b5 17. Bxd5 Rxd5 18. Rxd5 Bxd5 $11 {[%mdl 4096] Endgame KRB-KRN} 19. Ne3 Be6 20. Rc1 Rd8 21. Kf1 a5 22. Ke1 a4 23. Rc5 axb3 24. axb3 Bxb3 25. Rxb5 Be6 26. Rb7 Kf6 27. h4 h5 28. f3 Rd7 {Precision: White = 78%, Black = 83%.} 1/2-1/2

[Event "70th RUS-ch Superfinal Men 2017"]
[Site "St. Petersburg"]
[Date "2017.12.07"]
[Round "5"]
[White "Dubov, Daniil"]
[Black "Tomashevsky, Evgeny"]
[Result "0-1"]
[WhiteElo "2683"]
[BlackElo "2713"]
[Annotator "TA"]
[PlyCount "80"]
[EventDate "2017.??.??"]
[EventType "tourn"]
[EventCountry "RUS"]
[SourceTitle "playchess.com"]
[Source "ChessBase"]
[SourceQuality "1"]

{[%evp 13,80,6,18,8,10,-16,0,-27,-18,-45,-46,-40,-39,-61,-61,-85,-91,-113,-86,-106,-84,-84,-84,-84,-68,-104,-108,-134,-133,-129,-125,-119,-118,-145,-139,-129,-114,-158,-118,-154,-141,-148,-81,-133,-133,-141,-100,-241,-225,-220,-204,-279,-262,-351,-332,-337,-304,-325,-275,-380,-350,-354,-368,-406,-441,-427,-434,-594,-566]} 1. e4 e5 2. Nc3 Nf6 3. f4 d5 4. fxe5 Nxe4 5. Qf3 Nxc3 6. bxc3 c5 {C29: Vienna Game: 2...Nf6 3 f4} 7. Bb5+ Nc6 {LiveBook: 3 Games} 8. Qg3 (8. Ne2 Be7 9. O-O O-O 10. d4 cxd4 11. cxd4 Nxe5 12. dxe5 Qb6+ 13. Kh1 Qxb5 14. Nc3 {0-1 (26) Fedorovsky,M (2478)-Vallejo Pons,F (2714) Germany 2017}) 8... Qb6 {The position is equal.} 9. Rb1 $146 ({Predecessor:} 9. a4 a6 10. Bxc6+ Qxc6 11. Nf3 Qg6 12. Qxg6 hxg6 13. O-O Bf5 14. Ng5 {0-1 (33) Tofte,S (2192)-Nilsen,J (2371) Norway 2015}) 9... Be6 10. Nf3 (10. Bxc6+ $5 Qxc6 11. d3 $11) 10... O-O-O {Threatens to win with ...a6.} 11. Rb2 h6 12. O-O Qc7 13. Bxc6 Qxc6 14. d3 Be7 15. Rb3 g5 16. Qf2 Rd7 17. a4 Kb8 18. a5 Rc8 19. Bd2 Qa4 20. Rfb1 Qxa5 21. Rb5 Qd8 22. Be3 {[%cal Re3c5]} Rdc7 23. Nd2 b6 24. Nf1 Rb7 25. Ng3 Qd7 26. Nh5 Qc6 27. R5b2 {[#]} Qc7 (27... d4 $142 $1 {[%mdl 512] ...Bg4 is the strong threat.} 28. cxd4 cxd4 29. Bxd4 Ba3) 28. d4 (28. Qe2 $142) 28... cxd4 $17 29. Bxd4 Bc5 30. Nf6 {[#]} (30. Ng3 $17) 30... Bxd4 $1 $19 31. cxd4 Qc3 32. h3 {Now Ra2 and White clings on.} Rc4 33. Kh1 Qxd4 34. Qe2 g4 35. hxg4 Bxg4 36. Qe1 Be6 37. Rb4 Rbc7 38. Ne8 Rxb4 39. Rxb4 Qc3 40. Qh4 Qa1+ {Precision: White = 34%, Black = 86%.} 0-1

[Event "70th RUS-ch Superfinal Men 2017"]
[Site "St. Petersburg"]
[Date "2017.12.07"]
[Round "5"]
[White "Volkov, Sergey"]
[Black "Riazantsev, Alexander"]
[Result "0-1"]
[WhiteElo "2645"]
[BlackElo "2650"]
[Annotator "TA"]
[PlyCount "48"]
[EventDate "2017.??.??"]
[EventType "tourn"]
[EventCountry "RUS"]
[SourceTitle "playchess.com"]
[Source "ChessBase"]
[SourceQuality "1"]

{[%evp 20,48,27,-10,0,0,0,0,0,0,0,0,12,0,0,-40,-64,-196,-195,-203,0,-60,-62,-92,-26,-29995,-29996,-29997,-29998,-29998,-29999]} 1. d4 Nf6 2. c4 g6 3. Nc3 d5 4. Nf3 Bg7 5. Qb3 dxc4 6. Qxc4 O-O 7. e4 a6 8. Be2 b5 9. Qb3 c5 10. dxc5 Nbd7 11. Be3 {LiveBook: 3 Games. D97: Grünfeld: Russian System: 7 e4, replies other than 7...Bg4} Ng4 12. c6 Nxe3 $146 ({Predecessor:} 12... Nde5 13. Rd1 Qa5 14. Bd2 Qb6 15. O-O Nxc6 16. Nd5 Qb7 17. Bc3 e5 18. Qc2 Nf6 19. b4 Be6 20. Nxf6+ {½-½ (20) Lugovoi,A (2540)-L'Ami,E (2486) Gausdal 2004}) 13. cxd7 {The position is equal.} Nxg2+ 14. Kf1 Qxd7 {[#] ...Nf4 is the strong threat.} 15. Kxg2 Qh3+ 16. Kg1 Be6 17. Qc2 (17. Ng5 $5 {[%cal Rg5h3]} Qh4 18. Nxe6 fxe6 19. Nd1 $11 (19. Qxe6+ Kh8 $17)) 17... Rac8 {[%mdl 1024] aiming for ...b4. Black has compensation.} 18. Ng5 (18. Qd2 $15) 18... Qh4 $19 19. Qd2 Rc5 $2 (19... Bh6 $19 {Strongly threatening ...Rfd8.} 20. f4 Rfd8) 20. f4 ({White should try} 20. Nxe6 $11 fxe6 21. f3 (21. Qe3 Rg5+ 22. Kf1 Bxc3 $15)) 20... b4 $1 $15 {[%cal Rb4c3]} 21. Nd5 ({Don't blunder} 21. Nxe6 $2 bxc3 22. bxc3 (22. Qe3 $2 cxb2 23. Rf1 Rc3 $19) 22... fxe6 $19) 21... Rc2 (21... Bxd5 $1 $17 22. exd5 Rfc8) 22. Qe1 $2 {[%mdl 8192]} (22. Qd3 $11) 22... Bd4+ {Black mates.} 23. Kg2 Qg4+ 24. Kf1 {[#]} Qh3+ $1 {[%mdl 512] Precision: White = 27%, Black = 56%.} 0-1

[Event "70th RUS-ch Superfinal Men 2017"]
[Site "St. Petersburg"]
[Date "2017.12.09"]
[Round "6"]
[White "Fedoseev, Vladimir"]
[Black "Malakhov, Vladimir"]
[Result "0-1"]
[WhiteElo "2718"]
[BlackElo "2686"]
[Annotator "TA"]
[PlyCount "92"]
[EventDate "2017.??.??"]
[EventType "tourn"]
[EventCountry "RUS"]
[SourceTitle "playchess.com"]
[Source "ChessBase"]
[SourceQuality "1"]

{[%evp 40,92,0,0,0,0,0,0,0,-30,-22,-21,-33,-41,8,0,0,0,0,-8,-8,-15,-15,-18,-30,-187,-200,-207,-167,-208,-192,-196,-195,-210,-193,-195,-144,-212,-201,-218,-218,-229,0,-184,0,-228,-230,-1191,-1187,-853,-827,-29959,-29959,-29983,-29984]} 1. d4 d5 2. c4 c6 3. Nf3 Nf6 4. Nc3 dxc4 5. a4 Bf5 6. Nh4 Bc8 7. Nf3 Bf5 8. Ne5 e6 9. f3 Bb4 10. e4 Bxe4 11. fxe4 Nxe4 12. Bd2 Qxd4 13. Nxe4 Qxe4+ 14. Qe2 Bxd2+ 15. Kxd2 Qd5+ 16. Kc3 O-O 17. Qe3 {D17: Damengambit (Slawische Verteidigung)} b5 18. Be2 Nd7 19. Nxd7 Qxd7 20. axb5 cxb5 21. Bf3 {LiveBook: 5 Partien} Rac8 $1 22. Rxa7 b4+ 23. Kc2 Qb5 {[#]} 24. Kb1 $146 ({Vorgänger:} 24. Rd1 b3+ {½-½ (58) Gelfand,B (2665)-Huebner,R (2615) Munich 1992}) 24... g6 25. h4 {[%cal Bh2h4,Bh4h5][%mdl 32]} c3 26. h5 cxb2 27. Kxb2 {hxg6 ist eine echte Drohung.} Rc3 28. Qd4 {Droht stark hxg6.} Rd3 29. Be2 Qxh5 30. Qxd3 Qxh1 31. Bf3 Qe1 $36 {[%mdl 2048] Weiss steht unter Druck.} 32. Qd4 $2 (32. Rd7 $11 {und Weiss ist OK.}) 32... e5 $19 33. Re7 Rc8 (33... exd4 34. Rxe1 Kg7 35. Kb3 $16) 34. Bd1 Qg3 {( -> ...Da3+)} ({Schlechter ist} 34... exd4 35. Rxe1 Rc3 36. Re8+ Kg7 37. Rb8 $14) 35. Qxb4 Qxg2+ 36. Ka3 Ra8+ 37. Ba4 Qf2 (37... h5 $19 38. Qc3 Qe4 39. Re8+ Rxe8 40. Bxe8 h4) 38. Rb7 {[#]} (38. Rc7 $17) 38... Kg7 $1 39. Qe4 Qc5+ 40. Kb2 Qf2+ 41. Ka3 $1 Qc5+ 42. Kb2 {[#]} Rc8 $1 {Und ...Dc3+ würde nun gewinnen.} 43. Rb5 $2 (43. Qd3) 43... Qc3+ 44. Ka2 Rc4 45. Qa8 Qd4 46. Kb3 Rc1 {Precision: Weiß = 38%, Schwarz = 85%.} 0-1